000 00821nam a2200253Ia 4500
003 OSt
005 20220918165831.0
006 a|||||r|||| 00| 0
007 ta
008 220917b |||||||| |||| 00| 0 eng d
020 _a8173914036 (hbk)
_c895
024 _a245,996
037 _b01512, 21/02/2011, Kanishka Publishers Distributors
_cTextual
040 _aARTS
_cARTS
_beng
041 _2eng
_aeng
082 _aL:5:(Z), P2
100 _aGupta M. C.
_925712
245 0 _aHealth and law
_b A guide for professionals and activists
260 _aNew Delhi
_bKanishka Publishers, Distributors India
_c2002
300 _axviii, 438p.
_ccm.
650 _aMEDICINE
_94387
942 _hL:5:(Z), P2
_cTEXL
_2CC
999 _c131291
_d131291